[Event "9th TCh-BIH Premier"]
[Site "Bihac BIH"]
[Date "2010.06.11"]
[Round "7"]
[White "Kovacevic,A"]
[Black "Tadic,Br"]
[Result "1/2-1/2"]
[WhiteElo "2573"]
[BlackElo "2524"]

1.e4 d6 2.d4 Nf6 3.Nc3 e5 4.Nf3 Nbd7 5.Bc4 Be7 6.O-O O-O 7.Re1 a6 8.a4 b6
9.Ne2 Bb7 10.Ng3 exd4 11.Nxd4 g6 12.f3 Re8 13.Ba2 Bf8 14.Bg5 h6 15.Bf4 d5
16.e5 c5 17.Ndf5 gxf5 18.exf6 Rxe1+ 19.Qxe1 Qxf6 20.c3 Qe6 21.Qd2 Re8 22.Rd1 c4
23.Bb1 Bc5+ 24.Kf1 Be3 25.Bxe3 Qxe3 26.Nxf5 Qxd2 27.Rxd2 Re6 28.Nd4 Re8 29.Nf5 Re6
30.Bc2 Nc5 31.Kf2 Kf8 32.g4 Rf6 33.h4 Re6 34.Rd1 a5 35.Nd4 Re8 36.Nf5 Re6
37.Nd4 Re8 38.Rh1 Bc8 39.g5 hxg5 40.hxg5 Bd7 41.Rh7 Kg8 42.Rh6 Bxa4 43.Bh7+ Kf8
44.Rxb6 Nd3+ 45.Kg3 Re1 46.Bf5 Rg1+ 47.Kh4 Rh1+ 48.Kg3 Rg1+ 49.Kh4  1/2-1/2

[Event "45th Capablanca Mem Open"]
[Site "Havana CUB"]
[Date "2010.06.11"]
[Round "2"]
[White "Fernandez Cardoso,A"]
[Black "Boada,W"]
[Result "0-1"]
[WhiteElo "2416"]
[BlackElo "2266"]

1.e4 d6 2.d4 Nf6 3.Nc3 c6 4.Nf3 Qa5 5.Bd3 Bg4 6.h3 Bh5 7.Bd2 Bxf3 8.Qxf3 Qc7
9.O-O-O e5 10.dxe5 dxe5 11.g4 Be7 12.g5 Nfd7 13.h4 Nb6 14.h5 Rf8 15.Qg3 N8d7
16.g6 fxg6 17.hxg6 h6 18.Be2 O-O-O 19.Bg4 Kb8 20.Be6 Nc5 21.Bf7 Nba4 22.Rhe1 Rxd2
23.Kxd2 Nxb2 24.Rb1 Bg5+ 25.Ke2 Bf4 26.Qh4 Bg5 27.Qh3 Rxf7 28.gxf7 Qxf7 29.Kf1 Nc4
30.Qf5 Qe8 31.Rb4 g6 32.Qh3 Qf7 33.Kg1 a5 34.Rbb1 Nd2 35.Rbd1 Ne6 36.Re3 Bxe3
37.fxe3 Nf3+ 38.Kg2 Nfg5 39.Qg3 Qc7 40.Qf2 Qb6 41.Qd2 Qc5 42.Rb1 Qf8 43.Rf1 Qe7
44.Qd3 Nc5 45.Qc4 Nge6 46.Rf3 h5 47.Qf1 h4 48.a4 Qd7 49.Qf2 Ng5 50.Rf8+ Ka7
51.Kf1 Qh3+ 52.Ke1 Qg4 53.Rh8 h3 54.Ne2 Nf3+ 55.Kd1 Nxe4 56.Qf1 Qd7+ 57.Kc1 Qd2+
58.Kb2 Qb4+ 59.Ka2 Nfd2 60.Qc1 Qxa4+ 61.Qa3 Qxc2+ 62.Qb2 Qc4+ 63.Ka1 Qxe2
64.Qc2 h2  0-1

[Event "45th Capablanca Mem Open"]
[Site "Havana CUB"]
[Date "2010.06.12"]
[Round "3"]
[White "Zepeda,S"]
[Black "Arribas Robaina,M"]
[Result "1/2-1/2"]
[WhiteElo "2107"]
[BlackElo "2326"]

1.e4 d6 2.d4 Nf6 3.Nc3 c6 4.a4 Nbd7 5.Nf3 e5 6.Bc4 Be7 7.O-O O-O 8.h3 h6
9.Re1 Qc7 10.Ba2 Re8 11.dxe5 dxe5 12.Nh4 Nc5 13.Qf3 Be6 14.Nf5 Bxf5 15.Qxf5 Bd8
16.Be3 Ne6 17.Rad1 Nh7 18.Rd2 Bg5 19.Red1 Nd4 20.Qg4 Rad8 21.h4 Nf6 22.Qh3 Bxe3
23.fxe3 Ne6 24.Bxe6 Rxd2 25.Bxf7+ Kxf7 26.Rxd2 Qb6 27.b3 Rd8 28.Rd1 Qa5 29.Qf3 Rxd1+
30.Nxd1 Qd2 31.c3 Qc2 32.b4 h5 33.a5 Ke7 34.Qf1 Nxe4 35.Qe1 a6 36.Kh2 Nf6
37.Nf2 Ke6 38.Kg3 Qg6+ 39.Kh2 Qf5 40.Nh3 Ng4+ 41.Kg1 Qd3 42.e4 Kd6 43.Kh1 c5
44.Nf2 Qg3 45.Qd2+ Kc7 46.Nxg4 Qxg4 47.Qf2 Qxe4 48.Qf7+ Kd6 49.Qf8+ Kc6 50.Qe8+ Kd5
51.Qf7+ Kc6 52.Qe8+  1/2-1/2

[Event "Open"]
[Site "Teplice CZE"]
[Date "2010.06.12"]
[Round "1"]
[White "Klement,L"]
[Black "Hruby,Va"]
[Result "1-0"]
[WhiteElo "2181"]
[BlackElo "1807"]

1.e4 d6 2.d4 Nf6 3.Nc3 c6 4.f4 Qa5 5.Bd2 Qb6 6.Nf3 Bg4 7.h3 Bxf3 8.Qxf3 Qxd4
9.O-O-O Qb6 10.e5 dxe5 11.fxe5 Nfd7 12.e6 fxe6 13.Bc4 Qd4 14.Bxe6 Qf6 15.Qe2 Nc5
16.Bc4 e6 17.Qh5+ g6 18.Bg5 Qxc3 19.Rd8+ Kf7 20.Rf1+  1-0

[Event "14th Master Open"]
[Site "Voronezh RUS"]
[Date "2010.06.12"]
[Round "1"]
[White "Artemiev,V"]
[Black "Looshnikov,N"]
[Result "0-1"]
[WhiteElo "2246"]
[BlackElo "2500"]

1.e4 d6 2.d4 Nf6 3.Nc3 c6 4.f4 Qa5 5.Bd3 e5 6.dxe5 dxe5 7.f5 Nbd7 8.Nf3 Bc5
9.Nd2 Qd8 10.Nb3 Bb6 11.Qe2 a5 12.a4 Nc5 13.Nxc5 Bxc5 14.Be3 Qb6 15.Bxc5 Qxc5
16.Bc4 h5 17.O-O-O Bd7 18.Bb3 Rd8 19.Qd2 Ke7 20.Qg5 Rh7 21.Rd3 Be8 22.Rh3 Qf2
23.Rf3 Qb6 24.Rh3 Kf8 25.Qg3 Qc5 26.Qg5 Rd4 27.Re1 b5 28.Rhe3 Qe7 29.Ne2 Rb4
30.Nc3 Rd4 31.Ne2 bxa4 32.Nxd4 exd4 33.Rd3 axb3 34.Rxb3 a4 35.Rb8 Nd7 36.Qxe7+ Kxe7
37.Ra8 Ne5 38.Rd1 c5 39.b4 axb3 40.cxb3 Bc6 41.Ra5 Bxe4 42.Kd2 Kd6 43.Rc1 Nd3
44.Rc4 Bxf5  0-1

[Event "45th Capablanca Mem Open"]
[Site "Havana CUB"]
[Date "2010.06.13"]
[Round "4"]
[White "Arias,Le"]
[Black "Galego,L"]
[Result "1-0"]
[WhiteElo "2355"]
[BlackElo "2488"]

1.e4 d6 2.d4 Nf6 3.Nc3 c6 4.a4 Qa5 5.Bd2 e5 6.dxe5 dxe5 7.Nd5 Qd8 8.Nxf6+ Qxf6
9.Nf3 Nd7 10.Bc4 h6 11.Bc3 Bd6 12.O-O O-O 13.Qe2 Re8 14.Ne1 Qg6 15.Nd3 Nf6
16.Rfe1 a5 17.Qe3 Bc7 18.Qg3 Qxg3 19.hxg3  1-0

[Event "45th Capablanca Mem Open"]
[Site "Havana CUB"]
[Date "2010.06.13"]
[Round "4"]
[White "Alarcon Casellas,Rol"]
[Black "Boada,W"]
[Result "1-0"]
[WhiteElo "2410"]
[BlackElo "2266"]

1.e4 d6 2.d4 Nf6 3.Nc3 c6 4.f4 Qa5 5.e5 Ne4 6.Bd2 Nxd2 7.Qxd2 Bf5 8.Nf3 e6
9.Bd3 Bxd3 10.Qxd3 Qa6 11.Qe3 dxe5 12.Nxe5 Bb4 13.a3 O-O 14.O-O-O Bxc3 15.Qxc3 Rd8
16.f5 exf5 17.Qb3 Rd5 18.Rhf1 Qb6 19.Qg3 Na6 20.Rxf5 Rxd4 21.Rdf1 Re4 22.Ng4 Re6
23.Rxf7 Rg6 24.Qf4 h5 25.Ne5  1-0

[Event "TCh-SUI 2010"]
[Site "Switzerland SUI"]
[Date "2010.06.13"]
[Round "4.5"]
[White "Heimann,An"]
[Black "Kurmann,O"]
[Result "1/2-1/2"]
[WhiteElo "2464"]
[BlackElo "2422"]

1.e4 d6 2.d4 Nf6 3.Nc3 e5 4.Nf3 Nbd7 5.Bc4 Be7 6.O-O O-O 7.Re1 a6 8.a4 b6
9.b3 Bb7 10.Bb2 c6 11.d5 c5 12.Nd2 g6 13.Bf1 Ne8 14.Nc4 Ng7 15.Qd3 f5 16.exf5 gxf5
17.f4 e4 18.Qd2 Nf6 19.Ne3 h5 20.Ncd1 Qe8  1/2-1/2

[Event "14th Master Open"]
[Site "Voronezh RUS"]
[Date "2010.06.13"]
[Round "2"]
[White "Dzhumaev,M"]
[Black "Khismatullin,D"]
[Result "1/2-1/2"]
[WhiteElo "2495"]
[BlackElo "2657"]

1.e4 d6 2.d4 Nf6 3.Nc3 e5 4.dxe5 dxe5 5.Qxd8+ Kxd8 6.Bg5 Be6 7.O-O-O+ Kc8
8.f4 exf4 9.Nge2 Bd6 10.Bxf6 gxf6 11.Nd5 Nd7 12.Nexf4 c6 13.Nxe6 fxe6 14.Nc3 Kc7
15.g3 Be5 16.Ne2 Nc5 17.Bg2 h5 18.Nf4 Rag8 19.Bh3 Kb6 20.Nxe6 Nxe4 21.Rhf1 a5
22.Rf3 a4 23.Bf5 Nd6 24.Bd3 h4 25.c4 Ka5 26.c5 Nc8 27.Bc2 hxg3 28.hxg3 Rg4
29.Nd8  1/2-1/2

[Event "45th Capablanca Mem Premier"]
[Site "Havana CUB"]
[Date "2010.06.14"]
[Round "5"]
[White "Corrales Jimenez,F"]
[Black "Bachmann,Ax"]
[Result "0-1"]
[WhiteElo "2590"]
[BlackElo "2563"]

1.e4 d6 2.d4 Nf6 3.Nc3 e5 4.dxe5 dxe5 5.Qxd8+ Kxd8 6.Bc4 Be6 7.Bxe6 fxe6
8.f3 Bd6 9.Nge2 Ke7 10.b3 Nc6 11.Bb2 a6 12.O-O-O Rad8 13.Kb1 g5 14.Nc1 Rhg8
15.g4 h5 16.h3 h4 17.N3e2 Nd7 18.Nd3 Rgf8 19.Rhf1 Rf7 20.a3 Rdf8 21.Bc1 Kf6
22.b4 Kg6 23.Ne1 Nb6 24.Rd3 Nc4 25.Ng2 b5 26.Ne3 a5 27.Nxc4 bxc4 28.Rc3 axb4
29.axb4 Nd4 30.Nxd4 exd4 31.Rxc4 Rxf3 32.Rxf3 Rxf3 33.Rc6 Rxh3 34.e5 Bxe5
35.Rxe6+ Bf6 36.Bb2 Rh1+ 37.Ka2 Kf7 38.Rc6 Be5 39.Rc5 Re1 40.Rxc7+ Bxc7  0-1

[Event "45th Capablanca Mem Open"]
[Site "Havana CUB"]
[Date "2010.06.14"]
[Round "5"]
[White "Garcia Pantoja,R"]
[Black "Castillo Coca,M"]
[Result "1-0"]
[WhiteElo "2378"]
[BlackElo "2106"]

1.e4 d6 2.d4 Nf6 3.Nc3 c6 4.Nf3 Bg4 5.h3 Bh5 6.Qe2 Nbd7 7.g4 Bg6 8.e5 Nd5
9.Ne4 dxe5 10.dxe5 Bxe4 11.Qxe4 Nc5 12.Qc4 e6 13.Bg2 Be7 14.O-O O-O 15.Qe2 a5
16.a3 b5 17.c4 Nb3 18.cxd5 Nxa1 19.d6 Nb3 20.dxe7 Qxe7 21.Bg5 Qc5 22.Be3 Qe7
23.Qc2 a4 24.Ng5 g6 25.Ne4 Rac8 26.Nd6 Rb8 27.Qxc6 Na5 28.Qa6 Nc4 29.Nxc4 bxc4
30.Bd4 Qd7 31.Bc3 Rfc8 32.f4 Qb5 33.Qxb5 Rxb5 34.Rd1 h6 35.Bf3 g5 36.f5 Rbb8
37.Rd4 Rb5 38.Rd6  1-0

[Event "Open"]
[Site "Teplice CZE"]
[Date "2010.06.14"]
[Round "3"]
[White "Popelka,Pavel"]
[Black "Priehoda,V"]
[Result "0-1"]
[WhiteElo "2039"]
[BlackElo "2384"]

1.e4 d6 2.d4 Nf6 3.Nc3 c6 4.h3 b5 5.Nf3 b4 6.e5 bxc3 7.exf6 cxb2 8.fxg7 bxa1=Q
9.gxh8=Q Qa5+ 10.Bd2 Q5xa2 11.Be2 Qxd1+ 12.Bxd1 Qe6+ 13.Kf1 Qg6 14.Ng5 Qg7
15.Qxh7 Qxh7 16.Nxh7 Bg7 17.Ng5 Bxd4 18.Bh5 Ba6+ 19.Ke1 Bc4 20.Bf3 a5 21.c3 Bh8
22.Kd1 a4 23.Kc2 Ra6 24.Rb1 Bb3+ 25.Kb2 Nd7 26.Ka3 d5 27.Be2 Ra8 28.f4 Kf8
29.Nf3 e5 30.fxe5 Nxe5 31.Nd4 Bc4 32.Bd1 Bf6 33.Bh6+ Kg8 34.Rb7 Ba6 35.Rb1 c5
36.Nb5 Nc4+ 37.Ka2 Rc8 38.Bxa4 Nb6 39.Bc2 Ra8 40.Nc7 Bc4+ 41.Kb2 Rb8 42.Kc1 Be5
43.Nb5 Bf1 44.Bf5 Na4 45.Ra1 Bxb5 46.Kc2 Nxc3 47.Re1 Ba4+ 48.Kd3 c4+ 49.Ke3 Rb2
50.Kf3 Bd1+  0-1

[Event "14th FIDE Open"]
[Site "Voronezh RUS"]
[Date "2010.06.14"]
[Round "3"]
[White "Kochetkov,Vic"]
[Black "Terentiev,D"]
[Result "0-1"]
[WhiteElo "2045"]
[BlackElo "2095"]

1.Nc3 d6 2.d4 Nf6 3.e4 e5 4.Nf3 Nbd7 5.Bg5 Be7 6.Qd2 h6 7.Bxf6 Bxf6 8.d5 O-O
9.g4 Bg5 10.Qe2 Nb6 11.h4 Bf4 12.Rg1 g6 13.g5 h5 14.Nd2 Kg7 15.O-O-O Bg4
16.f3 Bd7 17.Kb1 a5 18.Qf2 Qe7 19.Bb5 Rfb8 20.a4 Bxb5 21.axb5 a4 22.Ka2 Qd7
23.Ndb1 Nc8 24.Na3 Nb6 25.Ne2 Qe7 26.c4 Nd7 27.Nc1 Bxc1 28.Rxc1 Nc5 29.Rc3 Qd7
30.Re3 Qe7 31.Rge1 Re8 32.Nb1 b6 33.Nd2 Rad8 34.Ka3 Ra8 35.Rf1 f6 36.gxf6+ Qxf6
37.Rg1 Kh7 38.Rg5 Rg8 39.Nb1 Qf4 40.Nc3 Raf8 41.Ne2 Qf6 42.Qg2 Rg7 43.Rc3 Qe7
44.Re3 Rf6 45.Ng1 Qf8 46.Nh3 Kh6 47.Rc3 Kh7 48.Rg3 Kh6 49.Ng5 Rf4 50.Qh3 Qd8
51.Rc1 Qd7 52.Qh2 Qe7 53.Rcg1 Rf6 54.Qd2 Rf4 55.Nh3 Qxh4 56.Nxf4 Qxf4 57.Qxf4+ exf4
58.Rg5 Nd3 59.Kxa4 Ne5 60.R5g2 Nxf3 61.Rf1 Ne5 62.Rxf4 Nxc4 63.Rc2 Ne5 64.Rf8 Nd3
65.b4 g5 66.Rc8 g4 67.R2xc7 Rxc7 68.Rxc7 g3 69.Rc6 g2 70.Rxd6+ Kg5 71.Rd8 Ne5
72.Rg8+ Ng6  0-1

[Event "45th Capablanca Mem Premier"]
[Site "Havana CUB"]
[Date "2010.06.17"]
[Round "7"]
[White "Ortiz Suarez,I"]
[Black "Bachmann,Ax"]
[Result "1-0"]
[WhiteElo "2544"]
[BlackElo "2563"]

1.e4 d6 2.d4 Nf6 3.Nc3 e5 4.Nf3 Nbd7 5.Bc4 Be7 6.O-O O-O 7.Re1 a6 8.a4 b6
9.Ne2 c6 10.Ng3 Bb7 11.Nf5 b5 12.Bf1 Re8 13.dxe5 dxe5 14.Bg5 Bc5 15.N3h4 h6
16.Bc1 Bf8 17.Qf3 Kh7 18.g4 c5 19.g5 hxg5 20.Bxg5 Qb6 21.Rad1 Rad8 22.axb5 axb5
23.Qh3 Kg8 24.Qg2 Kh7 25.Rd3 g6 26.Rh3 Kg8 27.Bxf6 Qxf6 28.Bxb5 Ba6 29.Ba4 Re6
30.Rf3 Nb6 31.Nh6+ Bxh6 32.Rxf6 Rxf6 33.Nf5 Bf4 34.Ne7+ Kf8 35.Nd5 Rxd5 36.exd5 Nxa4
37.Ra1 Bb5 38.Qh3 Rf5 39.Qh8+ Ke7 40.h4 Rh5 41.Qb8 Bd7 42.d6+ Ke6 43.Qd8 Nb6
44.Ra7 f6 45.Qxb6 Rh7 46.Qxc5 e4 47.Qc4+ Kxd6 48.Qc7+  1-0

[Event "Open"]
[Site "Eforie Nord ROU"]
[Date "2010.06.18"]
[Round "1"]
[White "Nicolescu,I"]
[Black "Badea,B"]
[Result "0-1"]
[WhiteElo "2005"]
[BlackElo "2495"]

1.e4 d6 2.d4 Nf6 3.Nc3 e5 4.dxe5 dxe5 5.Qxd8+ Kxd8 6.Bc4 Ke8 7.Nf3 Bd6 8.O-O Nbd7
9.Be3 c6 10.Rad1 Bc7 11.a4 a6 12.Ng5 Rf8 13.b4 a5 14.b5 Bb6 15.Rd3 Bxe3 16.Rxe3 Nc5
17.Rd1 Bg4 18.f3 Bd7 19.Re2 h6 20.Nh3 Bxh3 21.gxh3 Ke7 22.Red2 Nh5 23.Ne2 g6
24.Rd6 Rac8 25.Nc1 Nf6 26.Nb3 cxb5 27.Bxb5 Nxb3 28.cxb3 Rc3 29.Rb6 Rb8 30.Rdd6 Rxf3
31.Kg2 Rf4 32.Ba6 bxa6 33.Rxf6 Rxb6 34.Rxb6 Rxe4 35.Rxa6 Rb4 36.Rxa5 Ke6
37.Ra8 Rxb3 38.a5 Ra3 39.a6 Kf5 40.a7 Kf4 41.h4 h5 42.h3 e4  0-1

[Event "Open"]
[Site "Teplice CZE"]
[Date "2010.06.18"]
[Round "7"]
[White "Lacha,Ja"]
[Black "Hruby,Va"]
[Result "1-0"]
[WhiteElo "1981"]
[BlackElo "1807"]

1.e4 d6 2.d4 Nf6 3.Nc3 c6 4.f4 Qa5 5.Bd2 Qb6 6.Nf3 Qxb2 7.Rb1 Qa3 8.Rb3 Qa5
9.Nd5 Qd8 10.Nxf6+ gxf6 11.e5 fxe5 12.dxe5 d5 13.Ng5 h5 14.Be2 Bh6 15.Bxh5 Bxg5
16.fxg5 b6 17.O-O Be6 18.Qf3 Na6 19.Bxf7+ Bxf7 20.Qxf7+ Kd7 21.Rbf3 Nc5 22.g6 Ne4
23.Be3 Kc7 24.g7 Rg8 25.Bh6 Rc8 26.Qxg8 Qxg8 27.Rf8 Qh7 28.Rxc8+ Kxc8 29.Rf8+ Kb7
30.g8=Q Qxh6 31.Qf7 Qe3+ 32.Kh1 Qe1+ 33.Qf1 Qh4 34.Kg1 Qh6 35.Qf4 Qh5 36.g4 Qh4
37.Kg2 Ng5 38.Rh8 Qxh8 39.Qxg5 Qh7 40.Qf5 Qxf5 41.gxf5 Kc7 42.h4 Kd7 43.h5 Ke8
44.h6 Kf8 45.h7 Kg7 46.f6+ exf6 47.e6  1-0

[Event "Open"]
[Site "Teplice CZE"]
[Date "2010.06.18"]
[Round "7"]
[White "Straka,Jos"]
[Black "Neuman,P"]
[Result "1/2-1/2"]
[WhiteElo "2323"]
[BlackElo "2463"]

1.e4 d6 2.d4 Nf6 3.Nc3 e5 4.dxe5 dxe5 5.Qxd8+ Kxd8 6.Bg5 Be6 7.O-O-O+ Nd7
8.f4 exf4 9.Nf3 Kc8 10.Bxf4 Bc5 11.e5 Ng4 12.Ne4 Be3+ 13.Bxe3 Nxe3 14.Re1 Nxf1
15.Rhxf1 Kd8 16.Neg5 Ke7 17.Nd4 Raf8 18.Nf5+ Bxf5 19.Rxf5 h6 20.e6 hxg5 21.exd7+ Kxd7
22.Rxg5 Rxh2 23.Rxg7 Rh6 24.Rg3 Rg6 25.Rd3+ Rd6 26.Rg3 Rg6 27.Rd3+ Rd6 28.Rg3 Rg6
29.Rd3+ Rd6 30.Rg3 Rg6  1/2-1/2

[Event "4th Open"]
[Site "Varna BUL"]
[Date "2010.06.18"]
[Round "7"]
[White "Stjazhkina,O"]
[Black "Arnaudov,P"]
[Result "1-0"]
[WhiteElo "2280"]
[BlackElo "2216"]

1.e4 d6 2.d4 Nf6 3.Nc3 c6 4.f4 Qa5 5.e5 Ne4 6.Qf3 Nxc3 7.Bd2 Bf5 8.Bd3 Bxd3
9.cxd3 e6 10.bxc3 Nd7 11.Ne2 g6 12.c4 Qc7 13.O-O Bg7 14.Rab1 O-O 15.exd6 Qxd6
16.Rxb7 Rfb8 17.Rxb8+ Rxb8 18.Bc3 Nf6 19.d5 cxd5 20.Be5 Qb6+ 21.c5 Qxc5+
22.d4 Qb6 23.Bxb8 Qxb8 24.Qb3 Qd6 25.Rc1 Nd7 26.Rc8+ Bf8 27.Qb7 Nf6 28.Rc5 Qb6
29.Qxb6 axb6 30.Rc6 b5 31.Rb6 b4 32.Kf2 Ne4+ 33.Ke3 h6 34.Nc1 Nd6 35.Kd3 Nc4
36.Rb8 Kg7 37.g3 g5 38.fxg5 hxg5 39.Nb3 Nb2+ 40.Kc2 Nc4 41.Nc1 Bd6 42.Rb7 Ne3+
43.Kb3 Nf5 44.Ne2 g4 45.Rxb4 Bxb4 46.Kxb4 Kf8 47.Kc5 Ke7 48.Kc6 Kd8 49.a4 Kc8
50.a5 f6 51.a6 Kb8 52.Kb6 Ne7 53.Nc3 e5 54.a7+ Ka8 55.Nb5 Nc8+ 56.Ka6 Nxa7
57.Nxa7 exd4 58.Nb5 d3 59.Nc3 d2 60.Kb6 d4 61.Nd1 Kb8 62.Kc5 Kc7 63.Kxd4 Kd6
64.Ke3 Ke5 65.Kxd2 Ke4 66.Ke2 f5 67.Ne3  1-0

[Event "14th FIDE Open"]
[Site "Voronezh RUS"]
[Date "2010.06.18"]
[Round "6"]
[White "Kozhevnikov,E"]
[Black "Potapov,Alexa2"]
[Result "0-1"]
[WhiteElo "1969"]
[BlackElo "2186"]

1.d4 d6 2.e4 Nf6 3.Nc3 e5 4.dxe5 dxe5 5.Qxd8+ Kxd8 6.Bg5 Be6 7.O-O-O+ Nd7
8.f3 Bd6 9.Nge2 h6 10.Bh4 g5 11.Bg3 a6 12.a3 Ke7 13.Nd5+ Nxd5 14.exd5 Bf5
15.Nc3 Bg6 16.Bd3 f5 17.Rhe1 Kf6 18.Bf2 h5 19.h4 g4 20.fxg4 hxg4 21.g3 Kg7
22.Rf1 Rhf8 23.Be2 Nf6 24.Rde1 Rae8 25.b4 f4 26.gxf4 exf4 27.Bd4 f3 28.Bd3 Bxd3
29.cxd3 Kg6 30.Ne4 Nxe4 31.dxe4 Rf4 32.h5+ Kxh5 33.Rh1+ Kg6 34.Be3 Rfxe4
35.Rh6+ Kg7 36.Re6 R8xe6 37.dxe6 Rxe3 38.Rxe3 Bf4  0-1

[Event "Open"]
[Site "Eforie Nord ROU"]
[Date "2010.06.19"]
[Round "2"]
[White "Nevednichy,B"]
[Black "Nevednichy,V"]
[Result "0-1"]
[WhiteElo "2268"]
[BlackElo "2560"]

1.e4 d6 2.d4 Nf6 3.Nc3 e5 4.Nge2 Nbd7 5.g3 c6 6.a4 Be7 7.Bg2 O-O 8.O-O b6
9.h3 h5 10.Be3 a6 11.Qd2 Qc7 12.f4 Re8 13.Rfd1 Rb8 14.fxe5 dxe5 15.d5 cxd5
16.Nxd5 Nxd5 17.exd5 Bd6 18.b3 f5 19.Bg5 Nf8 20.c4 Nh7 21.Kh1 Qf7 22.Be3 h4
23.Rf1 hxg3 24.Nxg3 Qg6 25.Ne2 f4 26.Bf2 Qh6 27.Ng1 Ng5 28.h4 e4 29.Be1 Nh7
30.Bh3 Nf6 31.Bxc8 Rbxc8 32.Qg2 Re5 33.Qf2 Rh5 34.Ra2 Ng4 35.Qg2 Ne3 36.Qh3 Rf8
37.Re2 Nxf1 38.Qxf1 Bb4 39.Rxe4 Bxe1 40.Qxe1 Rxh4+ 41.Kg2 f3+ 42.Nxf3 Qg6+
43.Qg3 Qxg3+  0-1

[Event "14th FIDE Open"]
[Site "Voronezh RUS"]
[Date "2010.06.19"]
[Round "7"]
[White "Kiselev,Al"]
[Black "Tukhvatullin,V"]
[Result "1/2-1/2"]
[WhiteElo "2121"]
[BlackElo "2296"]

1.e4 d6 2.d4 Nf6 3.Nc3 e5 4.dxe5 dxe5 5.Qxd8+ Kxd8 6.Bg5 Be6 7.f4 exf4 8.Nge2 Bd6
9.O-O-O Nd7 10.Nxf4 h6 11.Bxf6+ gxf6 12.g3 Be5 13.Ncd5 c6 14.Ne3 Ke7 15.Nd3 Bd4
16.Nf5+ Bxf5 17.exf5 Ne5 18.Bg2 Nxd3+ 19.Rxd3 Rad8 20.Rhd1 Be5 21.b3 Rxd3
22.Rxd3 Rd8 23.Rxd8 Kxd8 24.Kd2 Ke7 25.Kd3 Kd6  1/2-1/2

[Event "Open"]
[Site "Eforie Nord ROU"]
[Date "2010.06.20"]
[Round "3"]
[White "Dragomirescu,R"]
[Black "Badea,B"]
[Result "0-1"]
[WhiteElo "2381"]
[BlackElo "2495"]

1.e4 d6 2.d4 Nf6 3.Nc3 e5 4.Nf3 Nbd7 5.Bc4 Be7 6.O-O O-O 7.Re1 c6 8.a4 b6
9.b3 Bb7 10.Bb2 a6 11.Bd3 g6 12.Qd2 Re8 13.Rad1 Bf8 14.h3 b5 15.axb5 cxb5
16.d5 Nc5 17.b4 Nxd3 18.cxd3 Nd7 19.Ne2 a5 20.bxa5 Rxa5 21.Bc3 Ra4 22.Rb1 Qb6
23.d4 Bg7 24.dxe5 dxe5 25.Bb4 Raa8 26.Nc3 Rac8 27.d6 Rc4 28.Ba3 h6 29.Nd5 Bxd5
30.Qxd5 Rc2 31.Rf1 Rb8 32.Qd3 Rc4 33.Rfc1 Rxc1+ 34.Rxc1 b4 35.Bb2 Rd8 36.Rc7 Bf8
37.Nxe5 Nxe5 38.Bxe5 Bxd6 39.Bxd6 Rxd6 40.Qc2 Rd1+ 41.Qxd1 Qxc7 42.Qd5 Qc3
43.e5 b3 44.Qd8+ Kh7 45.Qf6 Qc7  0-1

[Event "Open"]
[Site "Eforie Nord ROU"]
[Date "2010.06.20"]
[Round "4"]
[White "Horvat,Dan"]
[Black "Bargan,Se"]
[Result "1/2-1/2"]
[WhiteElo "2160"]
[BlackElo "2338"]

1.e4 d6 2.d4 Nf6 3.Nc3 e5 4.Nf3 Nc6 5.dxe5 Nxe5 6.Nxe5 dxe5 7.Qxd8+ Kxd8
8.Bc4 Bb4 9.Bg5 Ke7 10.O-O-O Bxc3 11.bxc3 Be6 12.Bxe6 Kxe6 13.Bxf6 Kxf6 14.Rd7 Rac8
15.Rhd1 Rhe8 16.c4 Re7 17.R7d5 Re6 18.Kb2 Rce8 19.R1d3 Rc6 20.Rb5 b6 21.Kb3 Ree6
22.Rbd5 Red6 23.Rh3 h6 24.Rh5 Rxd5 25.cxd5 Rc5 26.Rf5+ Ke7 27.Rxe5+ Kd6 28.Rf5 f6
29.Rf3 Ke5 30.Rg3 g5 31.Re3 Rb5+ 32.Kc3 Rb1  1/2-1/2

[Event "70th ch-ITA S/F"]
[Site "Torino ITA"]
[Date "2010.06.20"]
[Round "1"]
[White "Rombaldoni,Ax"]
[Black "Molina,Fa"]
[Result "1-0"]
[WhiteElo "2436"]
[BlackElo "2211"]

1.e4 d6 2.d4 Nf6 3.Nc3 e5 4.Nf3 Nbd7 5.Bc4 Be7 6.O-O O-O 7.a4 c6 8.Ba2 b6
9.Qe2 Qc7 10.Rd1 exd4 11.Nxd4 Ne5 12.h3 a6 13.f4 Ng6 14.Nf5 Bxf5 15.exf5 Nh4
16.Qf2 Nd7 17.g4 d5 18.Be3 Rae8 19.Rf1 Qd8 20.a5 Bb4 21.Kh1 Bxa5 22.Bb3 Bxc3
23.bxc3 Re4 24.Bd2 Rfe8 25.Be1 Re3 26.Qxh4 Rxe1 27.Raxe1 Qxh4 28.Rxe8+ Nf8
29.Kg2 Qf6 30.c4 dxc4 31.Bxc4 b5 32.Rd1 Qc3 33.Rdd8 Qxc2+ 34.Kf3 Qc3+ 35.Bd3 Qa3
36.f6 gxf6 37.Rxf8+ Qxf8 38.Rxf8+ Kxf8 39.Bxh7 a5 40.Ke4 Ke7 41.h4 a4 42.Kd4 a3
43.Bb1 Kf8 44.Kc5 Kg7 45.f5  1-0

[Event "4th Open"]
[Site "Varna BUL"]
[Date "2010.06.20"]
[Round "9"]
[White "Styazhkina,A"]
[Black "Ivelinov,H"]
[Result "0-1"]
[WhiteElo "1973"]
[BlackElo "2227"]

1.e4 d6 2.d4 Nf6 3.Nc3 e5 4.Nf3 Nbd7 5.Bc4 Be7 6.O-O O-O 7.Re1 c6 8.a4 b6
9.b3 Bb7 10.d5 c5 11.h3 a6 12.Nh2 Ne8 13.Qg4 Bc8 14.Bd3 Rb8 15.Nf1 Kh8 16.Ng3 Ndf6
17.Qe2 Nc7 18.f4 exf4 19.Bxf4 Nd7 20.Nd1 Bf6 21.Rb1 Be5 22.Rf1 Bxf4 23.Rxf4 Ne5
24.Qh5 Ne8 25.Ne3 b5 26.axb5 axb5 27.Ng4 Bxg4 28.hxg4 Nf6 29.Qh3 Ng6 30.Rf2 Nd7
31.Nf5 Nde5 32.Be2 c4 33.g3 Re8 34.Qh5 cxb3 35.cxb3 Nf8 36.Nd4 Qb6 37.Rd1 b4
38.Nf3 Qe3 39.Qf5 Nfd7 40.Kg2 g6 41.Qf4 Qxf4 42.gxf4 Nxg4 43.Rh1 Nxf2 44.Kxf2 Nf6
45.Bd3 Nxe4+ 46.Bxe4 Rxe4 47.Rxh7+ Kxh7 48.Ng5+ Kg7 49.Nxe4 Rb5 50.Nxd6 Rxd5
51.Nb7 f5 52.Ke3 Kf7  0-1

[Event "Open"]
[Site "Eforie Nord ROU"]
[Date "2010.06.22"]
[Round "6"]
[White "Itkis,B"]
[Black "Somoff,A"]
[Result "1-0"]
[WhiteElo "2434"]
[BlackElo "2196"]

1.d4 d6 2.e4 Nf6 3.Nc3 e5 4.Nf3 exd4 5.Nxd4 Be7 6.g3 O-O 7.Bg2 a6 8.O-O Re8
9.h3 c5 10.Nde2 Nc6 11.Be3 Rb8 12.f4 Bf8 13.Bf2 g6 14.g4 h5 15.g5 Nh7 16.Qd2 b5
17.Rad1 Bb7 18.Nd5 Ne7 19.Nec3 b4 20.Nxe7+ Qxe7 21.Nd5 Bxd5 22.Qxd5 Qe6 23.h4 Qxd5
24.Rxd5 Rb6 25.f5 Re5 26.f6 Rb8 27.Rfd1 Rxd5 28.exd5 a5 29.Bf1 a4 30.Bc4 a3
31.bxa3 bxa3 32.Bb3 Rc8 33.c4 Re8 34.Re1 Re5 35.Kg2 Rf5 36.Bc2 Rf4 37.Re4 Rf5
38.Be3 Nxf6 39.gxf6 Rxf6 40.Re8  1-0

[Event "Scheveningen"]
[Site "Kefar Sava ISR"]
[Date "2010.06.22"]
[Round "3"]
[White "Beker,C"]
[Black "Nedobora,M"]
[Result "0-1"]
[WhiteElo "1849"]
[BlackElo "2388"]

1.e4 d6 2.d4 Nf6 3.Nc3 Nbd7 4.Nf3 e5 5.g3 Be7 6.Bg2 O-O 7.O-O c6 8.a4 b6
9.b3 Re8 10.Ba3 Qc7 11.Nh4 Bf8 12.f4 Ba6 13.Re1 g6 14.Qd2 Rad8 15.Rad1 Bh6
16.dxe5 dxe5 17.Bd6 Qb7 18.Qf2 exf4 19.gxf4 Nh5 20.Bh3 Nf8 21.f5 Rxd6 22.Rxd6 Bf4
23.Rdd1 Be5 24.Qf3 Qe7 25.Ng2 Qc5+ 26.Qe3 Bxc3 27.Qxc5 bxc5 28.Re3 Bd4  0-1

[Event "24th Open"]
[Site "Pula CRO"]
[Date "2010.06.22"]
[Round "4"]
[White "Exler,V"]
[Black "Biti,O"]
[Result "1/2-1/2"]
[WhiteElo "2119"]
[BlackElo "2376"]

1.e4 d6 2.d4 Nf6 3.Nc3 e5 4.dxe5 dxe5 5.Qxd8+ Kxd8 6.Bc4 Ke8 7.Nf3 Bd6 8.Bg5 c6
9.O-O-O Bc7 10.Nh4 h6 11.Bxf6 gxf6 12.Nf5 Bxf5 13.exf5 Ke7 14.Ne4 Rg8 15.g3 Rf8
16.Rd3 Nd7 17.Rhd1 Rad8 18.Bb3 Nb8  1/2-1/2

[Event "70th ch-ITA S/F"]
[Site "Torino ITA"]
[Date "2010.06.22"]
[Round "3"]
[White "Damia,A"]
[Black "Molina,Fa"]
[Result "1/2-1/2"]
[WhiteElo "2281"]
[BlackElo "2211"]

1.e4 d6 2.d4 Nf6 3.Nc3 e5 4.Nf3 Nbd7 5.Bc4 Be7 6.O-O O-O 7.a4 c6 8.Ba2 b6
9.Re1 a6 10.h3 Rb8 11.Bg5 b5 12.axb5 axb5 13.Bxf6 Bxf6 14.dxe5 Nxe5 15.Nd4 Qb6
16.Nce2 c5 17.Nf5 Bxf5 18.exf5 Nc4 19.Nf4 Nxb2 20.Qh5 c4 21.c3 Qc5 22.Re3 Ra8
23.Qg4 Kh8 24.Nh5 Rg8 25.Rae1 Nd3 26.R1e2 Nc1 27.Re1 Nd3 28.R1e2 Nc1 29.Re1 Nxa2
30.Nxf6 gxf6 31.Qh5 Qc6 32.g4 Raf8 33.Re7 Nxc3 34.Rxf7 Rxf7 35.Qxf7 Ne4 36.Rxe4 Qxe4
37.Qxf6+ Rg7  1/2-1/2

[Event "Open"]
[Site "Eforie Nord ROU"]
[Date "2010.06.23"]
[Round "7"]
[White "Peptan,C"]
[Black "Badea,B"]
[Result "1/2-1/2"]
[WhiteElo "2416"]
[BlackElo "2495"]

1.e4 d6 2.d4 Nf6 3.Nc3 e5 4.Nf3 Nbd7 5.Bc4 Be7 6.O-O O-O 7.a4 c6 8.Re1 b6
9.Bf1 a6 10.b3 Bb7 11.Bb2 b5 12.Qd2 Re8 13.Bd3 Bf8 14.dxe5 Nxe5 15.Nxe5 dxe5
16.axb5 cxb5 17.Qe3 Bb4 18.Red1 Qc8 19.Nd5 Bxd5 20.exd5 Bc5 21.Qg3 Ng4 22.Rf1 g6
23.Rae1 Qd7 24.h3 Nxf2 25.Rxf2 Qxd5 26.Rxe5 Rxe5 27.Qxe5 Qxe5 28.Bxe5 Re8
29.Bc3 b4 30.Bd2 a5 31.Kf1 Bxf2 32.Kxf2 h5 33.Bf4 Re7 34.Be3 Re6 35.Bd4 Kh7
36.Bb5 h4 37.c4 bxc3 38.Bxc3 Rd6 39.Ke3 Rd5 40.Bc4 Rg5 41.Bf1 Rf5 42.Bc4 Rg5
43.Bxf7 Rxg2  1/2-1/2

[Event "70th ch-ITA S/F"]
[Site "Torino ITA"]
[Date "2010.06.23"]
[Round "4"]
[White "Bentivegna,F"]
[Black "Molina,Fa"]
[Result "1-0"]
[WhiteElo "2343"]
[BlackElo "2211"]

1.e4 d6 2.d4 Nf6 3.Nc3 e5 4.Nf3 Nbd7 5.g4 Nxg4 6.Rg1 Ngf6 7.Be3 c6 8.Qd2 b5
9.a3 a6 10.O-O-O Qc7 11.Nh4 g6 12.f4 Be7 13.Nf3 exf4 14.Bxf4 Nh5 15.Be3 Ndf6
16.e5 Ng4 17.Bg5 dxe5 18.Bxe7 Qxe7 19.h3 Ngf6 20.dxe5 Nd5 21.Ne4 O-O 22.Qh6 f5
23.Nf2 Kh8 24.Rxg6 Nhf4 25.Rg1 Be6 26.Nd3 Nxd3+ 27.Bxd3 c5 28.Nh4 Rg8 29.Ng6+ Rxg6
30.Rxg6 Bg8 31.Bxf5 Qf7 32.Rxd5 Qxf5 33.Qg7+  1-0